000 00293nam a2200121Ia 4500
100 _aDistefano/J.J(schaums series)
942 _cBK
654 _afeedback
245 _aFeedback and control system SI(metric ) edition
260 _bSchams
_aNew York
_c1976
300 _a371
546 _aENGLISH
999 _c23833
_d23833